A dictionary of sociology
Αποθηκεύτηκε σε:
| Άλλοι συγγραφείς: | |
|---|---|
| Μορφή: | Βιβλίο |
| Γλώσσα: | English |
| Δημοσίευση: |
Oxford :
Oxford University Press,
c1998.
|
| Σειρά: | Oxford paperback reference
|
| Θέματα: | |
| Ετικέτες: |
Προσθήκη ετικέτας
Δεν υπάρχουν, Καταχωρήστε ετικέτα πρώτοι!
|
MARC
| LEADER | 00000cam a2200000 i 4500 | ||
|---|---|---|---|
| 001 | 1/102075 | ||
| 008 | 000222s1998 eng d | ||
| 020 | |a 0-19-280081-7 | ||
| 035 | |l 10057936 | ||
| 040 | |a GR-MY-UA |b gre |e aacr | ||
| 041 | 0 | |a eng | |
| 082 | 0 | |a 301.03 | |
| 245 | 1 | 2 | |a A dictionary of sociology / |c edited by Gordon Marshall. |
| 260 | |a Oxford : |b Oxford University Press, |c c1998. | ||
| 300 | |a 712 σ. | ||
| 490 | 1 | |a (Oxford paperback reference) | |
| 500 | |a Rev. ed. of : Concise Oxford dictionary of sociology, 1994. | ||
| 504 | |a Περιέχει ευρετήριο. | ||
| 650 | 0 | 0 | |a Sociology |x Dictionaries. |
| 700 | 1 | |a Marshall, Gordon, |e edt | |
| 830 | 0 | |a Oxford paperback reference | |
| 852 | |a INST |b LESVOS |e 20000222 |h 301.03 DIC |p 005100021502 |q 005100021502 |t BK |y 0 | ||
| 901 | |a BIBL1-2000-1 | ||
| 909 | |a Λ |b 075504 | ||
| 920 | |a ΕΡΓΑΣΤΗΡΙΟ ΠΟΛΙΤΙΣΜΙΚΗΣ ΕΠΙΚΟΙΝΩΝΙΑΣ ΚΑΙ ΤΕΚΜΗΡΙΩΣΗΣ |y ΛΕΣΒΟΣ |z 2000-02 | ||
| 970 | |a ΤΖΑΦΕΡΗ |b ΕΥΑΓΓΕΛΙΑ |z 2000/02/22 | ||